| 000 | 00494 a2200133 4500 | ||
|---|---|---|---|
| 082 | _aBICSE-1 | ||
| 100 |
_aSohaib Khan _992366 |
||
| 245 |
_aGSM Security Investigation _cSohaib Khan |
||
| 260 |
_a Isalamabad, _bNUST School of Electrical Engineering & Computer Science, _c2007. |
||
| 300 |
_a ix, 101 p. : _bill. ; _c27 cm. + _eCD-ROM |
||
| 500 | _aSupervisors : Dr. Fauzan Mirza, Mr. Shahrzad Khattak. | ||
| 856 | _uhttp://10.250.8.41:8080/xmlui/handle/123456789/8486 | ||
| 942 |
_cPR _kBICSE-1 SOH _2ddc |
||
| 999 |
_c9171 _d9171 |
||